Normal view
MARC view
- C Programming
Entry Topical Term
001 - CONTROL NUMBER
- control field: 69418
003 - CONTROL NUMBER IDENTIFIER
- control field: OSt
005 - DATE AND TIME OF LATEST TRANSACTION
- control field: 20220806111558.0
008 - FIXED-LENGTH DATA ELEMENTS
- fixed length control field: 220806|| aca||aabn | a|a d
040 ## - CATALOGING SOURCE
- Original cataloging agency: OSt
- Transcribing agency: OSt
150 ## - HEADING--TOPICAL TERM
- Topical term or geographic name entry element: C Programming
670 ## - SOURCE DATA FOUND
- Source citation: Work cat.: (OSt)38940: Kernighan, B. W. / Ritchie, D. M. 69417, C Programming Language, 2014